Huey Lewis and the News - The Power of Love Lyrics - Statistics

General Stats
  • This quiz has been taken 58 times
  • The average score is 26 of 38
Answer Stats
Hint Answer % Correct
You won't ____ it until you ____ You won't {feel} it until you {feel}
94%
That's the _____ of love That's the {power} of love
88%
That's the _____ of love That's the {power} of love
88%
You feel the _____ of love You feel the {power} of love
88%
You feel the _____ of love You feel the {power} of love
88%
You feel the _____ of love You feel the {power} of love
88%
You feel the _____ of love You feel the {power} of love
88%
You feel the _____ of love You feel the {power} of love
88%
Don't need no ______ ____ to ride this train Don't need no {credit card} to ride this train
87%
Don't need no ______ ____ to ride this train Don't need no {credit card} to ride this train
87%
Don't need no ______ ____ to ride this train Don't need no {credit card} to ride this train
87%
Don't need _____, don't take fame Don't need {money}, don't take fame
85%
Don't need _____, don't take fame Don't need {money}, don't take fame
85%
Don't take _____, don't take fame Don't need {money}, don't take fame
85%
The power of love is a _______ thing The power of love is a {curious} thing
85%
Make one man ____, make another man sing Make one man {weep}, make another man sing
83%
More than a _______, that's the power of love More than a {feeling}, that's the power of love
81%
Stronger and harder than a bad girl's _____ Stronger and harder than a bad girl's {dream}
81%
That's the power, that's the power of ____ That's the power, that's the power of {love}
75%
You feel the power, feel the power of ____ You feel the power, feel the power of {love}
75%
First time you feed it might make you ___ First time you feed it might make you {sad}
65%
Next time you feed it might make you ___ Next time you feed it might make you {mad}
65%
Change a heart to a little _____ ____ Change a heart to a little {white dove}
63%
But you ____ what to do But you {know} what to do
62%
Tougher than diamonds and stronger than _____ Tougher than diamonds and stronger than {steel}
62%
Yeah but you don't ____ Yeah but you don't {care}
60%
That's the power that makes the world __ _____ That's the power that makes the world {go round}
56%
They say that all in love is ____ They say that all in love is {fair}
56%
When it gets ____ of you When it gets {hold} of you
54%
Power of love will keep you ____ at night Power of love will keep you {home} at night
52%
But it might just ____ ____ ____ But it might just {save your life}
50%
But it might just ____ ____ ____ But it might just {save your life}
50%
And with a little help from _____ And with a little help from {above}
48%
Make a bad one good, mmm make a _____ right Make a bad one good, mmm make a {wrong} right
44%
But you'll be ____ baby when you've found But you'll be {glad} baby when you've found
42%
It's ______ and it's sudden and it's cruel sometimes It's {strong} and it's sudden and it's cruel sometimes
42%
It's ______ and it's sudden and it's cruel sometimes It's {strong} and it's sudden and it's cruel sometimes
42%
Tougher than diamonds, _____ like cream Tougher than diamonds, {whips} like cream
12%
No matching quizzes found
Score Distribution
Percent of People with Each Score
Percentile by Number Answered
Your Score History
You have not taken this quiz